Život na uzdě /
Rozhovory mentálního sportovního kouče a novinářky o psychických problémech a možnostech jejich řešení. Kouč na pozadí svých životních zkušeností naznačuje, v čem se můžeme zlepšit a změnit, abychom byli spokojenejší se sebou a s vlastním životem.
Uloženo v:
| Hlavní autor: | |
|---|---|
| Další autoři: | |
| Médium: | E-kniha |
| Jazyk: | Czech |
| Vydáno: |
V Praze :
Vyšehrad,
2021
|
| Vydání: | Vydání první |
| Témata: | |
| Tagy: |
Žádné tagy |
| LEADER | 02741nam a2200613 i 4500 | ||
|---|---|---|---|
| 001 | 311434 | ||
| 003 | CZ PrSKC | ||
| 005 | 20260601215705.0 | ||
| 007 | ta | ||
| 008 | 211013s2021 xr a e 000 1acze | ||
| 015 | |a cnb003366555 | ||
| 020 | |a 9788076015319 |q (vázáno) : |c Kč 349,00 | ||
| 035 | |a (OCoLC)1288052498 | ||
| 035 | |a (OCoLC)1291384590 | ||
| 040 | |a BOA001 |b cze |d ABA001 |e rda | ||
| 043 | |a e-xr--- | ||
| 045 | |a x6y- | ||
| 072 | 7 | |a 796 |x Sport. Hry. Tělesná cvičení |2 Konspekt | |
| 072 | 7 | |a 929 |x Biografie |2 Konspekt | |
| 080 | |a 796.966.071.43 |2 MRF | ||
| 080 | |a 159.9-055.1 |2 MRF | ||
| 080 | |a 005.572-051 |2 MRF | ||
| 080 | |a 929 |2 MRF | ||
| 080 | |a (437.3) |2 MRF | ||
| 080 | |a (0:82-94) |2 MRF | ||
| 080 | |a (047.53) |2 MRF | ||
| 100 | 1 | |a Jelínek, Marian, |d 1963- |7 xx0012610 |4 aut | |
| 245 | 1 | 0 | |a Život na uzdě / |c Renata Červenková, Marian Jelínek |
| 250 | |a Vydání první | ||
| 264 | 1 | |a V Praze : |b Vyšehrad, |c 2021 | |
| 300 | |a 237 stran : |b ilustrace ; |c 21 cm | ||
| 336 | |a text |b txt |2 rdacontent | ||
| 337 | |a bez média |b n |2 rdamedia | ||
| 338 | |a svazek |b nc |2 rdacarrier | ||
| 520 | 2 | |a Rozhovory mentálního sportovního kouče a novinářky o psychických problémech a možnostech jejich řešení. Kouč na pozadí svých životních zkušeností naznačuje, v čem se můžeme zlepšit a změnit, abychom byli spokojenejší se sebou a s vlastním životem. | |
| 600 | 1 | 7 | |a Jelínek, Marian, |d 1963- |7 xx0012610 |2 czenas |
| 648 | 7 | |a 20.-21. století |7 ch462155 |2 czenas | |
| 650 | 0 | 7 | |a hokejoví trenéři |7 ph330290 |z Česko |y 20.-21. století |2 czenas |
| 650 | 0 | 7 | |a psychologové |7 ph124816 |z Česko |y 20.-21. století |2 czenas |
| 650 | 0 | 7 | |a koučové |7 ph909382 |z Česko |y 20.-21. století |2 czenas |
| 650 | 0 | 9 | |a hockey coaches |z Czechia |y 20th-21st centuries |2 eczenas |
| 650 | 0 | 9 | |a psychologists |z Czechia |y 20th-21st centuries |2 eczenas |
| 650 | 0 | 9 | |a personal coaches |z Czechia |y 20th-21st centuries |2 eczenas |
| 655 | 7 | |a autobiografické vzpomínky |7 fd131854 |2 czenas | |
| 655 | 7 | |a rozhovory |7 fd133303 |2 czenas | |
| 655 | 9 | |a autobiographical reminiscences |2 eczenas | |
| 655 | 9 | |a interviews |2 eczenas | |
| 700 | 1 | |a Červenková, Renata, |d 1950- |7 pna2007370846 |4 aut | |
| 900 | |a ABA001 |b 19 | ||
| 928 | 9 | |a Albatros Media - Vyšehrad | |
| 044 | |a xr | ||
| 910 | |a RBIT002 | ||
| 998 | |d 337142 |a https://core.palmknihy.cz/api/books/337142/cover?si5v8u |b https://core.palmknihy.cz/api/books/337142/cover/400?si5v8u |c https://core.palmknihy.cz/api/books/337142/cover/50?si5v8u |e 2030-12-31 |g 240 |i 9788076015319 |j https://core.palmknihy.cz/api/books/337142/preview.epub |k https://core.palmknihy.cz/api/books/337142/preview.pdf |l |q 49 |r 1 |s https://www.palmknihy.cz/kniha/337142 |t ebook |y 2021 |z 0 | ||
| 999 | |d 311432 | ||